Sannivedhana shabdakaraya

Saved in:
Bibliographic Details
Main Author: Mahendra, Sunanda
Format: Book
Published: Colombo S. Godage 1997
Tags: Add Tag
No Tags, Be the first to tag this record!

MARC

LEADER 00000nam a2200000 a 4500
082 |a 302.3 
100 |a Mahendra, Sunanda 
245 |a Sannivedhana shabdakaraya 
260 |a Colombo  |b S. Godage  |c 1997 
300 |a 354p. ; 21cm. 
942 |c AFW 
999 |c 171462  |d 171462